BIBLIOTECA PODER JUDICIAL
Portal Judicial TDF

Sentencia favorable, ¿crédito cobrable? : (Registro nro. 6541)

000 -LEADER
fixed length control field 01086nab a22002417a 4500
003 - CONTROL NUMBER IDENTIFIER
control field OSt
005 - DATE AND TIME OF LATEST TRANSACTION
control field 20260223124236.0
008 - FIXED-LENGTH DATA ELEMENTS--GENERAL INFORMATION
fixed length control field 190506c xxu||||| |||| 00| 0 spa d
040 ## - CATALOGING SOURCE
Transcribing agency PJ
100 ## - MAIN ENTRY--PERSONAL NAME
9 (RLIN) 4445
Personal name Viola, Efraín
245 10 - TITLE STATEMENT
Title Sentencia favorable, ¿crédito cobrable? :
Remainder of title sobre depreciación y "otras yerbas..." /
Statement of responsibility, etc Efraín Viola.
260 ## - PUBLICATION, DISTRIBUTION, ETC. (IMPRINT)
Place of publication, distribution, etc Buenos Aires :
Name of publisher, distributor, etc AbeledoPerrot,
Date of publication, distribution, etc 2024.
300 ## - PHYSICAL DESCRIPTION
Extent p. 7-10
500 ## - GENERAL NOTE
General note Cita: TR LALEY AR/DOC/766/2024.
505 ## - FORMATTED CONTENTS NOTE
Formatted contents note Sumario: I. Exordio.— II. Crujen las bases.— III. Depreciación del crédito.— IV. Ladran Sancho...— V. La difícil misión de convertir la sentencia en moneda.— VI. Conclusiones.<br/>
505 ## - FORMATTED CONTENTS NOTE
Title ¿Te interesa el texto completo? Comunicate al correo: koha@justierradelfuego.gov.ar
650 #0 - SUBJECT ADDED ENTRY--TOPICAL TERM
9 (RLIN) 1316
Topical term or geographic name as entry element DERECHO LABORAL
650 #0 - SUBJECT ADDED ENTRY--TOPICAL TERM
9 (RLIN) 1514
Topical term or geographic name as entry element PROCEDIMIENTO LABORAL
650 #0 - SUBJECT ADDED ENTRY--TOPICAL TERM
9 (RLIN) 3790
Topical term or geographic name as entry element ACTUALIZACIÓN MONETARIA
650 #0 - SUBJECT ADDED ENTRY--TOPICAL TERM
9 (RLIN) 4496
Topical term or geographic name as entry element CRÉDITO LABORAL
773 0# - HOST ITEM ENTRY
Host Biblionumber 2751
Host Itemnumber 3202
Place, publisher, and date of publication Buenos Aires : AbeledoPerrot, 2013-
Title Revista de derecho laboral y seguridad social. Nº 9 - Mayo 2024
942 ## - ADDED ENTRY ELEMENTS (KOHA)
Source of classification or shelving scheme
Koha item type Analítica Artículo de Revista

No hay ítems disponibles.

12 de Octubre 789 Ushuaia - Tel:  54(02901)441571
Horario de Atención: 8.00 a 17.00 hs. 
bibliotecaush@justierradelfuego.gov.ar
koha@justierradelfuego.gov.ar
Seguinos en nuestras redes @bibliojustdf 

Con tecnología Koha